| 000 | 00524nam a22001817a 4500 | ||
|---|---|---|---|
| 003 | OSt | ||
| 008 | 251215b |||||||| |||| 00| 0 eng d | ||
| 082 |
_a575.2 _bP74G |
||
| 100 | _aPrasad, Ashok. | ||
| 245 | _aGenetic Variability and Correlation Studies in Hulless Barley (Hordeum vulgare L.) | ||
| 260 |
_a.- Sabour, Bhagalpur _b: Bihar Agricultural College _c, 1984 |
||
| 300 | _a68p. | ||
| 650 | _aPlant Breeding and Genetics | ||
| 650 | _aHull-Less Barley | ||
| 650 | _aThesis | ||
| 650 | _aM. Sc. | ||
| 942 |
_2ddc _cT |
||
| 999 |
_c49427 _d49427 |
||